000 01306nam a2200349 4500
003 EG-GICUC
005 20260228131653.0
008 260206s2008 ua |||fr|||| 00| 0 ara d
017 _a3254/2008
020 _a9789770455232
040 _a EG-GICUC
_bara
_c EG-GICUC
_d EG-GICUC
_erda
041 0 _aara
082 0 4 _221
_a343.91
_bع ب . ع
092 0 4 _221
099 _aLaw1 10 343.91 ع ب . ع 2008
100 0 _aعبدالعزيز رمضان سمك
_eمؤلف.
245 1 2 _aالعفو واثره فى عقوبة القصاص والدية فى الفقه الجنائى الإسلامى /
_cتأليف دكتور عبدالعزيز رمضان سمك.
250 _aالطبعة الأولى
264 1 _aالقاهرة :
_bدار النهضة العربية،
_c2008.
300 _a200 ؛صفحة
_c24 سم.
336 _2rda content
_atext
337 _2rda media
_aComputer
338 _2rda carrier
_aOnline Resource
504 _aببليوجرافيات : صفحات 182-193
546 _aالنص باللغة العربية
650 1 _aالنظام الجنائي الإسلامي
_2qrmak
650 1 _aالقانون الجنائى
_2qrmak
651 1 _2qrmak
856 4 0 _uhttps://fll.law.cu.edu.eg/fulltext/bks/B10-08119.pdf
905 _a54
942 _2ddc
_n0
_cBK
_e21
999 _c61416
_d61416